000 00290pam a2200121 a 4500
020 _c
041 _aeng
100 _aOscar Wilde.
245 _aMoscow Progress Publecation From Oscur
_hTextual Documents
260 _a[s.l]:
_bMoscoe Progress Publishing
300 _a443p.
930 _a15539
999 _c92439
_d92439